| 000 | 00743cam a22001935a 4500 | ||
|---|---|---|---|
| 001 | L149910 | ||
| 008 | 100517e2010 xxk 000 0 eng d | ||
| 035 | _a(Sirsi) u149910 | ||
| 041 | 0 | _aeng | |
| 110 | 2 |
_aExperian Business Strategies _94789 |
|
| 245 | 0 | 4 |
_aThe tracker on eggshells _bthe recovery of the construction market remains fragile, despite activity in March creeping out of negative territory for the first time since February 2008. |
| 260 | _c2010 | ||
| 490 |
_aBuilding _v275(19) 14 May 2010, 62-63(2) |
||
| 520 | _aState of play; leading construction activity indicator; work-in-hand; UK regional perspective. | ||
| 590 | _aKA | ||
| 651 | 4 |
_aUnited Kingdom _y |
|
| 690 | _aBUILT ENVIRONMENT-CONSTRUCTION MARKET | ||
| 942 | _n0 | ||
| 999 |
_c82319 _d82319 |
||